Каталитический метод получения оксо-производных бетулина; Разработка лекарственных средств - традиции и перспективы

Detalles Bibliográficos
Parent link:Разработка лекарственных средств - традиции и перспективы.— 2021.— [С. 17-19]
Autor Corporativo: Национальный исследовательский Томский политехнический университет Исследовательская школа химических и биомедицинских технологий
Outros autores: Григорьева А. Р. Анна Романовна, Колобова Е. Н. Екатерина Николаевна, Maki-Arvela P. Paivi, Carabineiro S.-A. C. Sonia-Alexandra Correia, Murzin D. Yu., Пестряков А. Н. Алексей Николаевич
Summary:Заглавие с экрана
Idioma:ruso
Publicado: 2021
Subjects:
Acceso en liña:http://conf.ssmu.ru/ddtp
Formato: Electrónico Capítulo de libro
KOHA link:https://koha.lib.tpu.ru/cgi-bin/koha/opac-detail.pl?biblionumber=666453

MARC

LEADER 00000naa0a2200000 4500
001 666453
005 20250818151947.0
035 |a (RuTPU)RU\TPU\network\37657 
035 |a RU\TPU\network\37608 
090 |a 666453 
100 |a 20211224d2021 k y0rusy50 ca 
101 0 |a rus 
102 |a RU 
135 |a drcn ---uucaa 
181 0 |a i  
182 0 |a b 
200 1 |a Каталитический метод получения оксо-производных бетулина  |f А. Р. Григорьева, Е. Н. Колобова, P. Maki-Arvela [и др.] 
203 |a Текст  |c электронный 
300 |a Заглавие с экрана 
320 |a [Библиогр.: 3 назв.] 
463 |t Разработка лекарственных средств - традиции и перспективы  |o сборник материалов Международной научно-практической конференции, г. Томск, 13-16 сентября 2021 г.  |f Сибирский государственный медицинский университет  |v [С. 17-19]  |d 2021 
610 1 |a электронный ресурс 
610 1 |a труды учёных ТПУ 
610 1 |a бетулин 
610 1 |a наночастицы 
610 1 |a жидкофазное окисление 
701 1 |a Григорьева  |b А. Р.  |c специалист в области медицинских технологий  |c инженер Томского политехнического университета  |f 1995-  |g Анна Романовна  |3 (RuTPU)RU\TPU\pers\46594 
701 1 |a Колобова  |b Е. Н.  |c химик-технолог  |c инженер-проектировщик Томского политехнического университета  |f 1989-  |g Екатерина Николаевна  |3 (RuTPU)RU\TPU\pers\32071  |9 16117 
701 1 |a Maki-Arvela  |b P.  |g Paivi 
701 1 |a Carabineiro  |b S.-A. C.  |g Sonia-Alexandra Correia 
701 1 |a Murzin  |b D. Yu. 
701 1 |a Пестряков  |b А. Н.  |c химик  |c профессор Томского политехнического университета, доктор химических наук  |f 1963-  |g Алексей Николаевич  |3 (RuTPU)RU\TPU\pers\27694  |9 12768 
712 0 2 |a Национальный исследовательский Томский политехнический университет  |b Исследовательская школа химических и биомедицинских технологий  |c (2017- )  |3 (RuTPU)RU\TPU\col\23537 
801 2 |a RU  |b 63413507  |c 20211224  |g RCR 
850 |a 63413507 
856 4 |u http://conf.ssmu.ru/ddtp 
942 |c CF